Oxford books of story poems (Record no. 15917)
[ view plain ]
| 000 -LEADER | |
|---|---|
| fixed length control field | 00233nam a22000977a 4500 |
| 003 - CONTROL NUMBER IDENTIFIER | |
| control field | OSt |
| 008 - FIXED-LENGTH DATA ELEMENTS--GENERAL INFORMATION | |
| fixed length control field | 191023b ||||| |||| 00| 0 eng d |
| 100 ## - MAIN ENTRY--AUTHOR NAME | |
| Personal name | Oxford University Press |
| 245 ## - TITLE STATEMENT | |
| Title | Oxford books of story poems |
| 942 ## - ADDED ENTRY ELEMENTS (KOHA) | |
| Koha item type | Books |
| Withdrawn status | Lost status | Damaged status | Home library | Current library | Date acquired | Cost, normal purchase price | Accession Number | Koha item type |
|---|---|---|---|---|---|---|---|---|
| Withdrawn | Damaged | KAUAET | KAUAET | 23/10/2019 | 2.75 | 815 | Books | |
| Withdrawn | KAUAET | KAUAET | 13/01/2021 | 814 | Books |
